| 000 | 00703nam a2200253Ia 4500 | ||
|---|---|---|---|
| 003 | OSt | ||
| 005 | 20220918174338.0 | ||
| 006 | a|||||r|||| 00| 0 | ||
| 007 | ta | ||
| 008 | 220917b |||||||| |||| 00| 0 eng d | ||
| 024 | _a11,701 | ||
| 037 | _cTextual | ||
| 040 |
_aARTS _cARTS _beng |
||
| 041 |
_2eng _aeng |
||
| 082 | _a/\:30aQ8441:25, L9 (MIL) | ||
| 100 |
_aDalip Singh _921777 |
||
| 245 | 0 | _aYoga and Sikh teachings | |
| 260 |
_aChandigarh _bBahri Pub _c1979 |
||
| 300 |
_avii,146p. _ccm. |
||
| 490 | _aSeries in sikh history and culture; II | ||
| 650 | _aSPIRITUALISM | ||
| 942 |
_h/\:30aQ8441:25, L9 (MIL) _cTEXL _2CC |
||
| 999 |
_c152788 _d152788 |
||